000 00476nam a22001937a 4500
003 OSt
005 20220819113936.0
008 220819b |||||||| |||| 00| 0 eng d
020 _a10: 0582894220
040 _cIFM Library
082 _a346.4207
100 _aMaclntyre, Ewan
245 _aBusinness Law
250 _a2nd ed.
260 _aLondon:
_bPearson Longman,
_c2005
300 _axiii,788p.:
_bill;charts; 22cm
500 _aIncluding index
942 _cBK
_2ddc
_n0
999 _c20451
_d20451